| 000 | 00366nam a22001337a 4500 | ||
|---|---|---|---|
| 008 | 250310b |||||||| |||| 00| 0 eng d | ||
| 020 | _a9789784854344 | ||
| 050 |
_aHQ799.2 _b.V56 |
||
| 100 | _aMomoh Abubakar | ||
| 245 | _aYouth $ Conflict; Reseacrch into Youth Involvement in Conflicts | ||
| 260 |
_aAbuja _bAction Aid Nigeria _c2008 |
||
| 300 | _ax,96p | ||
| 942 | _cBK | ||
| 999 |
_c2195 _d2195 |
||